Statystyki dla Top 20 najzdrowszych owoców

Kliknij tutaj aby rozwiązać quiz!

Ogólne statystyki

  • Ten quiz został rozwiązany 2 057 razy
  • Średni wynik to 9 z 20

Statystyki odpowiedzi

#Owoc% Poprawnych
5Jabłko
95%
16Banan
92%
15Pomarańcza
83%
8Truskawka
82%
4Jagoda
72%
12Arbuz
68%
10Cytryna Meyera
67%
20Wiśnia
54%
17Winogrono
49%
7Mango
48%
2Ananas
47%
3Smaczliwka
32%
6Granat
31%
1Grejpfrut
26%
14Jeżyna
24%
19Papaja
16%
9Żurawina
9%
11Durian
4%
13Oliwka
3%
18Gujawa
1%

Rozkład punktacji

Percentyl według liczby udzielonych odpowiedzi

Procent ludzi z każdym wynikiem

Twoja historia wyników

Nie rozwiązałeś tego quizu